=LDR 00000nam 2200000 4500 =001 NUTBA000000000002068 =005 20140805131154.0 =006 =007 =008 =020 ##$$a 978-979-29-2539-5 =035 ##$$0010-061400000000011 =082 ##$$a 398.221 =090 ##$$a 398.221 $b Ric s =100 ##$$a Ricky Gunawan =245 ##$$a Seri petualangan dombi : jalan-jalan ke taman bermain $c Ricky Gunawan ; editor Benedicta Rini W. =260 ##$$a Yogyakarta $b ANDI $c 2011 =300 ##$$a iv, 40 hlm $b ilus $c 19 cm. =650 ##$$a Bacaan anak-anak =850 ##$$a NBPBMAT =990 ##$$a 0001/BPAP-NTB/20142015 =990 ##$$a 0001/BPAP-NTB/20142015 =990 ##$$a 0001/BPAP-NTB/20142015